Cecilia Paredes : (Record no. 1156)

MARC details
000 -LEADER
campo de control de longitud fija 00905nam a22002537a 4500
008 - DATOS DE LONGITUD FIJA--INFORMACIÓN GENERAL
campo de control de longitud fija 170322s2016 cr||||| |||| 00| 0 spa d
020 ## - NÚMERO INTERNACIONAL ESTÁNDAR DEL LIBRO
Número Internacional Estándar del Libro 9789968530347
082 04 - NÚMERO DE LA CLASIFICACIÓN DECIMAL DEWEY
Número de clasificación 708
Número de ítem P227p
100 1# - ENTRADA PRINCIPAL--NOMBRE DE PERSONA
Nombre de persona Monge Picado, María José.
9 (RLIN) 4341
245 10 - MENCIÓN DEL TÍTULO
Título Cecilia Paredes :
Resto del título el perpetuo errante /
Mención de responsabilidad, etc. María José Monge Picado.
246 01 - FORMA VARIANTE DEL TITULO
Título propio/Titulo breve The perpetual wanderer.
250 ## - MENCION DE EDICION
Mención de edición 1a ed.
260 ## - PUBLICACIÓN, DISTRIBUCIÓN, ETC.
Lugar de publicación, distribución, etc. San José, Costa Rica :
Nombre del editor, distribuidor, etc. Fundación Museos Banco Central,
Fecha de publicación, distribución, etc. 2016.
300 ## - DESCRIPCIÓN FÍSICA
Extensión 72 p.
Otras características físicas il. col.
500 ## - NOTA GENERAL
Nota general Catálogo publicado con motivo a la exhibición "Cecilia Paredes: el perpetuo errante", presentada en Museos Banco Central, durante setiembre de 2016.
653 10 - TÉRMINO DE INDIZACIÓN--NO CONTROLADO
Término no controlado Arte contemporáneo
653 10 - TÉRMINO DE INDIZACIÓN--NO CONTROLADO
Término no controlado Catálogo de exhibición
653 10 - TÉRMINO DE INDIZACIÓN--NO CONTROLADO
Término no controlado Exhibiciones
653 10 - TÉRMINO DE INDIZACIÓN--NO CONTROLADO
Término no controlado Arte - Perú
653 10 - TÉRMINO DE INDIZACIÓN--NO CONTROLADO
Término no controlado Artistas peruanos
653 10 - TÉRMINO DE INDIZACIÓN--NO CONTROLADO
Término no controlado Arte intimista
653 10 - TÉRMINO DE INDIZACIÓN--NO CONTROLADO
Término no controlado Instalación
653 10 - TÉRMINO DE INDIZACIÓN--NO CONTROLADO
Término no controlado Fotoperformance
Holdings
Estatus retirado Estado de pérdida Fuente del sistema de clasificación o colocación Estado de daño No para préstamo Biblioteca de origen Biblioteca actual Ubicación en estantería Fecha de adquisición Total de préstamos Signatura topográfica completa Código de barras Visto por última vez Precio de reemplazo Tipo de ítem Koha
    Clasificación Decimal Dewey     Biblioteca LadoV Biblioteca LadoV   22/03/2017   708 P227p 004361 22/03/2017 22/03/2017 Material 01